000 00723nam a2200181Ia 4500
008 100921s9999 xx 000 0 und d
082 _b5102
_a920.71 थ 73
100 _aधर्माधिकारी दादा.
245 _aदादांच्या शब्दात दादा.
260 _bपरंधाम प्रकाशन,पवनार,वर्धा.
_c1973
300 _a327
_b---
365 _b7
520 _aचरित्र्ेा-पुरूष.
630 _aदादांच्या शब्दात दादा.
650 _aचरित्र्ेा-पुरूष.
730 _aदादांच्या शब्दात दादा.
942 _cBOOK
999 _c754215
_d754212